| 000 | 01605cam a22003374a 4500 | ||
|---|---|---|---|
| 001 | 14196790 | ||
| 005 | 20140926100547.0 | ||
| 008 | 051212s2006 ctua b 001 0 eng | ||
| 010 | _a 2005036162 | ||
| 015 |
_aGBA623694 _2bnb |
||
| 016 | 7 |
_a013403747 _2Uk |
|
| 020 | _a1591582423 (pbk. : alk. paper) | ||
| 035 | _a(OCoLC)ocm62593622 | ||
| 040 |
_aDLC _cDLC _dYDX _dUKM _dBAKER _dIXA _dDLC |
||
| 042 | _apcc | ||
| 050 | 0 | 0 |
_aHD 62.5 _b.Aw96 2006 |
| 082 | 0 | 0 | _a658.02/2 |
| 100 | 1 |
_aAwe, Susan C., _d1948- |
|
| 245 | 1 | 4 |
_aThe entrepreneur's information sourcebook : _bcharting the path to small business success / _cSusan C. Awe. |
| 260 |
_aWestport, Conn. : _bLibraries Unlimited, _cc2006. |
||
| 300 |
_axiii, 245 pages : _billustrations ; _c24 cm. |
||
| 504 | _aIncludes bibliographical references and index. | ||
| 505 | 0 | _aAre you an entrepreneur? -- Research, statistics, and information gathering -- Start-up -- Your business plan -- Ups and downs of franchising -- Raising capital -- Marketing and advertising --Management -- Personnel/human resources -- Legal/taxes -- Working with the government -- Competitive analysis -- Growing your business and moving on. | |
| 521 | _aBusiness Administration | ||
| 650 | 0 | _aNew business enterprises. | |
| 650 | 0 | _aEntrepreneurship. | |
| 856 | 4 | 1 |
_3Table of contents only _uhttp://www.loc.gov/catdir/toc/ecip065/2005036162.html |
| 906 |
_a7 _bcbc _corignew _d1 _eecip _f20 _gy-gencatlg |
||
| 942 |
_2lcc _cBK _kFOR |
||
| 999 |
_c275896 _d275896 |
||